Science world

Bibliographic Details
Previous Title:Scholastic science world
Format: Electronic Journal
Language:English
Published: [New York, N.Y. : Scholastic Inc., c1987]-
Subjects:
Online Access:Full text available from Research Library: 01/12/1998 to 05/04/2015

MARC

LEADER 00000nas a2200000 a 4500
001 ssj0008471
003 WaSeSS
005 20200512172242.0
006 m d
007 cr n
008 880222c19879999nyuen p s 0 a0eng c
010 |a sn 88007976  
015 |a 020392796  |2 dnb 
016 7 |a 2012604-9  |2 DE-600 
022 |l 1041-1410  |y 1041-1410 
032 |a 484760  |b USPS 
035 |a (WaSeSS)ssj0008471 
037 |b Science World, Scholastic Inc., 2931 E. McCarty St., P.O. Box 3710, Jefferson City, MO 65102-9957 
040 |a TXR  |b eng  |c TXR  |d NSD  |d NST  |d IUL  |d OCLCQ  |d UQ1  |d OCLCQ  |d GBVCP  |d CUS  |d OCLCQ  |d OCLCF  |d LIP  |d XFH  |d GILDS  |d WaSeSS 
042 |a nsdp  |a pcc 
050 1 4 |a Q1  |b .S8147 
082 1 0 |a 505  |2 11 
130 0 |a Science world (New York, N.Y. : 1987) 
210 0 |a Sci. world  |b (1987) 
222 0 |a Science world  |b (1987) 
245 1 0 |a Science world  |h [electronic resource]. 
246 1 3 |a Scholastic science world  |f Oct. 16, 1987 
260 |a [New York, N.Y. :  |b Scholastic Inc.,  |c c1987]- 
310 |a Biweekly (18 issues during school year) 
362 0 |a Vol. 44, no. 4 (Oct. 16, 1987)- 
500 |a Title from cover. 
506 |a License restrictions may limit access. 
580 |a Issued also in a teachers' edition. 
588 |a Latest issue consulted: Vol. 45, no. 11 (Feb. 10, 1989). 
650 0 |a Science  |v Periodicals. 
650 7 |a Sciences (Disciplines scientifiques)  |2 rasuqam 
650 7 |a Science.  |2 fast  |0 (OCoLC)fst01108176 
655 0 |a Electronic journals. 
775 1 |t Science world (New York, N.Y. : 1987). Teachers' edition  |w (OCoLC)17198826 
780 0 0 |t Scholastic science world  |x 0162-8399  |w (DLC) 80643753  |w (OCoLC)4236156 
850 |a CaMBC  |a CoU  |a ICarbS  |a IaAS  |a ViW 
856 4 0 |z Full text available from Research Library: 01/12/1998 to 05/04/2015  |u https://search.proquest.com/publication/35074